Statistics for 10 Most Populated US Cities In US States Beginning with 'I'

Click here to take the quiz!

General Stats

  • This quiz has been taken 21 times
  • The average score is 7 of 10

Answer Stats

PopAnswer% Correct
882093Indianapolis
100%
2.69 MillionChicago
95%
212031Des Moines
95%
237446Boise
84%
265974Fort Wayne
79%
136467Cedar Rapids
58%
179266Aurora
47%
150372Joliet
42%
149014Naperville
37%
147711Rockford
37%

Score Distribution

Percentile by Number Answered

Percent of People with Each Score

Your Score History

You have not taken this quiz